vocab s2 fiche 2 anglais à français - Statistiques

Statistiques générales
  • Ce quiz a été pris 7 fois
  • Le résultat moyen est 4 sur 35
Statistiques - réponses
Hint Réponse % Correct
a campaign une campagne
100%
a brand une marque
100%
good/ bad publicity bonne/ mauvaise publicité
50%
A conscious/an unconscious bias un biais conscient/inconscient
50%
an advertisement/ a commercial une publicité
50%
An ad an advert (UK) une publicité (informel)
50%
American Association of Advertising (AAAA) association des agences de publicité américaines
0%
low end bas de gamme
0%
To target cibler, viser
0%
To broadcast/convey/deliver a message diffuser/communiquer/émettre un message
0%
To discriminate against sb discriminer qqn
0%
Equal opportunity égalité des chances
0%
Empowerment émancipation, autonomisation
0%
Ingrained enraciné
0%
Gender balance/imbalance équilibre/déséquilibre entre les genres
0%
Advertising Standards Authority (ASA) équivalent britannique du Bureau de Vérification de la Publicité
0%
To root out stereotypes éradiquer des stéréotypes
0%
To be the breadwinner être le gagne-pain
0%
To be discriminated against être victime de discrimination
0%
To advertise (UK)/advertize (US) a product faire la publicité pour un produit
0%
To publicise (UK)/publicize (US) faire la publicité/promotion de
0%
high-end haut de gamme
0%
To mislead induire en erreur
0%
Parity la parité
0%
advertising la publicité (le domaine)
0%
Women's rights les droits des femmes
0%
Prejudice (countable or uncountable) préjugé/a priori
0%
deceptive advertising publicité mensongère
0%
Underrepresented sous-représenté
0%
Maternity/paternity/parental leave un congé de maternité/paternité/parental
0%
A male/female-dominated field un domaine dominé par les hommes/femmes
0%
a catchword/catchphrase une accroche, un slogan
0%
A gender (pay) gap un écart (de rémunération) entre les genres
0%
a salesman un (e) commercial (e)
0%
an infomercial une publicité informative
0%
Aucun quiz correspondant
Distribution des résultats
% des personnes avec chaque résultat
Percentile par nombre de réponses
Votre historique - résultats
Vous n’avez pas pris ce quiz